Hadoop In Practice (Record no. 336804)

MARC details
000 -LEADER
fixed length control field 00447nam a2200169Ia 4500
008 - FIXED-LENGTH DATA ELEMENTS--GENERAL INFORMATION
fixed length control field 230718s9999 xx 000 0 und d
020 ## - INTERNATIONAL STANDARD BOOK NUMBER
International Standard Book Number 9789351191506
041 ## - LANGUAGE CODE
Language code of text/sound track or separate title eng
082 ## - DEWEY DECIMAL CLASSIFICATION NUMBER
Classification number 005.74
Item number HOL
100 ## - MAIN ENTRY--PERSONAL NAME
Personal name Holmes A.
9 (RLIN) 112534
245 ## - TITLE STATEMENT
Title Hadoop In Practice
260 ## - PUBLICATION, DISTRIBUTION, ETC. (IMPRINT)
Date of publication, distribution, etc. 2013
Name of publisher, distributor, etc. Manning / Dreamtech
300 ## - PHYSICAL DESCRIPTION
Extent 511
365 ## - TRADE PRICE
Currency code Rs.
Price amount 699.00
700 ## - ADDED ENTRY--PERSONAL NAME
Personal name Holmes A.
9 (RLIN) 112534
906 ## - LOCAL DATA ELEMENT F, LDF (RLIN)
d O:0400808-Jul-2014B:374510-Apr-2014
c COMP
b 174.75
Holdings
Withdrawn status Lost status Damaged status Not for loan Home library Current library Date acquired Vendor Budget Code Cost, normal purchase price Bill number Total Checkouts Full call number Barcode Checked out Date last seen Date last checked out Discount Cost, replacement price Bill Date Koha item type Original Barcode
        Cummins College of Engineering for Women Pune Cummins College of Engineering for Women Pune 08/07/2014 Om Book Stall COMP 524.25 3745 1 005.74 CCEP-BK-48011 29/08/2026 02/03/2026 02/03/2026 174.75 699.00 10/04/2014 Books 048011